Legend of Zelda Items (Handheld Games) - Statistics

General Stats
  • This quiz has been taken 63 times
  • The average score is 63 of 243
Answer Stats
Game Answer % Correct
ALBW | FSA | LA | +4 others Bow
95%
LA Level 2 Sword
86%
LA Sword
86%
ALBW | FSA | LA | +6 others Boomerang
81%
ALBW | FSA | LA | +6 others Bomb
79%
ALBW | LA Hookshot
79%
ALBW | OoA Master Sword
76%
OoS Master sword
76%
ALBW Master Sword Level 2
76%
ALBW Master Sword Level 3
76%
ALBW | FSA | LA | ST Shield
67%
LA Ocarina
60%
ALBW | MC Bottle
52%
OoA | OoS | PH Bombchu
48%
ALBW | PH Hammer
45%
LA | MC | OoA | OoS Mirror Shield
43%
OoS Sling Shot
43%
FSA Slingshot
43%
ALBW | FSA | LA | MC Pegasus Boots
40%
FSA | LA | OoA | OoS Roc's Feather
40%
FSA | LA | OoA | +2 others Shovel
40%
ALBW | FSA Fire Rod
38%
ALBW Ice Rod
36%
FSA | LA | OoA | OoS Power Bracelet
33%
LA Power Bracelet Level 2
33%
MC Power Bracelets
33%
ALBW Lamp
31%
MC | OoS Roc's Cape
31%
OoS Rod of Seasons
31%
ST Whip
31%
OoA Harp of Ages
29%
FSA | MC Lantern
29%
ALBW | OoA Power Glove
29%
PH Grappling Hook
26%
MC | TH Gust Jar
26%
OoS Magic Boomerang
26%
LA Magic Rod
26%
ALBW Net
26%
OoA | OoS Wooden Sword
26%
MC Flippers
24%
FSA | MC Four Sword
24%
ALBW Hylian Shield
24%
ST Sand Wand
24%
ALBW Zora's Flippers
24%
MC Light Arrows
21%
PH Phantom Hourglass
21%
ALBW Sand Rod
21%
OoA Seed Shooter
21%
MC White Sword
21%
MC White Sword Level 2
21%
MC White Sword Level 3
21%
OoA | OoS Biggorons Sword
19%
MC Bomb Bag
19%
LA Magic Powder
19%
OoS Magnetic Gloves
19%
OoA Switch Hook
19%
OoA | OoS | PH Wooden Shield
19%
OoA Cane of Somaria
17%
PH Phantom Sword
17%
ALBW Red Mail
17%
OoA | OoS Seed Satchel
17%
MC Wallet
17%
ALBW Blue Mail
14%
MC Cane of Pacci
14%
OoA | OoS Ember Seed
14%
OoA | OoS Gale Seed
14%
MC Mole Mitts
14%
OoA | OoS Noble Sword
14%
ST Spirit flute
14%
ALBW Tornado Rod
14%
OoS Hyper Slingshot
12%
OoA | OoS Iron Shield
12%
MC Magical Boomerang
12%
OoA | OoS Mystery Seed
12%
OoA | OoS Pegasus Seed
12%
MC Smith's Sword
12%
OoA | OoS Dimitri's Flute
10%
ALBW Green Clothes
10%
OoA Long Hook
10%
FSA | TH Magic Hammer
10%
OoA | OoS Moosh's Flute
10%
ALBW Nice Fire Rod
10%
ALBW Nice Ice Rod
10%
ALBW Nice Sand Rod
10%
MC Ocarina of Wind
10%
MC Quiver
10%
ST Recruit Uniform
10%
ST Red Potion
10%
OoA | OoS Ricky's Flute
10%
OoA | OoS Scent Seed
10%
ALBW Titan's Mitt
10%
FSA Bombos Medallion
7%
ALBW | ST Bow of Light
7%
MC Grip Ring
7%
ST Lokomo Sword
7%
ALBW Nice Boomerang
7%
ALBW Nice Bow
7%
ALBW Nice Tornado Rod
7%
MC Remote Bomb
7%
ST Whirlwind
7%
TH Fire Gloves
5%
TH Gripshot
5%
ALBW Hint Glasses
5%
MC Jabber Nut
5%
MC Kinstone Bag
5%
ALBW Master Ore
5%
ALBW Nice Bomb
5%
ALBW Nice Hammer
5%
ALBW Nice Hookshot
5%
PH Oshus's sword
5%
ALBW Pendant of Courage
5%
ALBW Pendant of Power
5%
ALBW Pendant of Wisdom
5%
ST Purple Potion
5%
ALBW Ravio's Bracelet
5%
ALBW Rented Fire Rod
5%
ALBW Rented Ice Rod
5%
ALBW Rented Sand Rod
5%
ALBW Rented Tornado Rod
5%
OoA | OoS Strange Flute
5%
OoA Tune of Currents
5%
TH Water Rod
5%
ST Yellow Potion
5%
MC Broken Picori Blade
2%
OoS Fool's Ore
2%
ALBW Foul Fruit
2%
FSA Quake Medallion
2%
ST Recruit's Sword
2%
ALBW Rented Bomb
2%
ALBW Rented Boomerang
2%
ALBW Rented Bow
2%
ALBW Rented Hookshot
2%
ALBW Sage Impa
2%
ALBW Sage Irene
2%
ALBW Super Lamp
2%
ALBW Super Net
2%
MC Tiger Scrolls
2%
OoA Tune of Echoes
2%
ALBW Bee Badge
0%
FSA Blue Bracelet
0%
MC Carlov Medal
0%
LA Conch Horn
0%
LA Coral Triangle
0%
ST Engineer's Clothes
0%
MM3D Fishing Hole Pass
0%
FSA Force Gem
0%
ALBW Forgotten Sword
0%
LA Full Moon Cello
0%
MC Graveyard Key
0%
MC Joy Butterfly
0%
FSA Moon Pearl
0%
MC Mysterious Shells
0%
LA Organ of Evening Calm
0%
ALBW Pouch
0%
ALBW Rented Hammer
0%
ALBW Sage Gulley
0%
ALBW Sage Oren
0%
ALBW Sage Osfala
0%
ALBW Sage Rosso
0%
ALBW Sage Seres
0%
ALBW Scoot Fruit
0%
LA Sea Lily's Bell
0%
ST Shield of Antinquity
0%
MC Small Shield
0%
MC Spare Key
0%
ALBW Stamina Scroll
0%
LA Surf Harp
0%
LA Thunder Drum
0%
MC Tingle Trophy
0%
OoA Tune of Ages
0%
MC Wake-up Mushroom
0%
LA Wind Marimba
0%
No matching quizzes found
Score Distribution
Percent of People with Each Score
Percentile by Number Answered
Your Score History
You have not taken this quiz